000 00791cab a2200193 4500
001 A352
008 090401t1993 xxu||||| |||| 00| 0 eng d
035 _a(Sirsi) u28633
041 _aeng
245 _aGuidance on the `mundic` problem to cut mortgage blight
260 _c1993
350 _a0
490 _aCS Monthly : General Practice
_v2(6) March 1993, 6(1)
520 _aOutlines the content of the proposed RICS guidance on the sampling, examination and classification of suspect concrete materials in concrete-built residential and small commercial property in Cornwall and Devon, which should remove the `blanket` mortgage blight of such pre-1950 properties.
650 _aMUNDIC BLOCK
690 _aBUILT ENVIRONMENT-BUILDING INSPECTION
942 _n0
948 _c04/03/1997
999 _c19254
_d19254